キャンディ・パープル - Statistics

General Stats
  • This quiz has been taken 70 times
  • The average score is 48 of 80
Answer Stats
% Correct
1
96%
2
96%
3
96%
4
96%
5
96%
6
96%
7
93%
8
93%
9
80%
10
80%
11
80%
12
80%
13
78%
14
69%
15
69%
16
69%
17
69%
18
69%
19
67%
20
64%
21
60%
22
60%
41
58%
42
58%
43
58%
44
58%
45
58%
46
58%
47
58%
48
58%
49
58%
50
58%
51
58%
52
58%
53
58%
54
58%
55
58%
56
58%
57
58%
58
58%
59
58%
60
58%
61
58%
62
58%
63
58%
64
58%
65
58%
66
58%
67
58%
68
58%
69
58%
70
56%
71
56%
37
53%
38
53%
39
53%
40
53%
72
53%
73
53%
74
53%
75
53%
76
53%
77
53%
78
53%
79
53%
36
51%
80
51%
23
49%
24
47%
25
44%
26
44%
29
44%
27
42%
28
42%
30
42%
31
42%
35
42%
32
40%
33
40%
34
40%
No matching quizzes found
Score Distribution
Percent of People with Each Score
Percentile by Number Answered
Your Score History
You have not taken this quiz